[Event "DVM U12w 2024"]
[Site "Bad Homburg GER"]
[Date "2024.12.27"]
[Round "2"]
[White "Nönnig, Lotte"]
[Black "Mandziuk, Varvara"]
[Result "1-0"]
[Termination "normal"]
[Board "1.1"]
[WhiteElo "1635"]
[BlackElo "1160"]
[WhiteClock "00:55:04"]
[BlackClock "01:05:02"]
[WhiteTeam "Schachzwerge Magdeburg"]
[BlackTeam "SC Garching 1980"]
[PlyCount "55"]
[WhiteFideId "34611509"]
[BlackFideId "34638016"]
[EventCountry "GER"]
[EventRounds "7"]
[EventType "team-swiss"]
[EventDate "2024.12.26"]

1. e4 {[%clk 01:30:56]} {[%emt 00:00:03]} e5 {[%clk 01:30:52]} {[%emt
00:00:09]} 2. Nf3 {[%clk 01:31:14]} {[%emt 00:00:12]} Nc6 {[%clk 01:31:13]}
{[%emt 00:00:08]} 3. Bc4 {[%clk 01:31:29]} {[%emt 00:00:15]} Bc5 {[%clk
01:31:35]} {[%emt 00:00:08]} 4. c3 {[%clk 01:31:30]} {[%emt 00:00:29]} Nf6
{[%clk 01:31:57]} {[%emt 00:00:08]} 5. d4 {[%clk 01:31:47]} {[%emt 00:00:14]}
exd4 {[%clk 01:32:19]} {[%emt 00:00:08]} 6. cxd4 {[%clk 01:31:52]} {[%emt
00:00:25]} Bb4+ {[%clk 01:32:40]} {[%emt 00:00:09]} 7. Bd2 {[%clk 01:31:39]}
{[%emt 00:00:42]} Nxe4 {[%clk 01:32:18]} {[%emt 00:00:53]} 8. Bxb4 {[%clk
01:31:33]} {[%emt 00:00:36]} Nxb4 {[%clk 01:32:30]} {[%emt 00:00:17]} 9. Bxf7+
{[%clk 01:31:46]} {[%emt 00:00:17]} Kxf7 {[%emt 00:04:40]} 10. Qb3+ {[%clk
01:31:54]} {[%emt 00:00:17]} Ke8 {[%emt 00:00:15]} 11. Qxb4 {[%clk 01:30:49]}
{[%emt 00:01:30]} d5 {[%clk 01:29:00]} {[%emt 00:00:15]} 12. O-O {[%clk
01:27:47]} {[%emt 00:03:33]} Qd6 {[%clk 01:24:25]} {[%emt 00:05:03]} 13. Qb5+
{[%clk 01:23:16]} {[%emt 00:05:02]} c6 {[%clk 01:20:03]} {[%emt 00:04:52]} 14.
Qe2 {[%clk 01:21:13]} {[%emt 00:02:33]} Qg6 {[%clk 01:19:12]} {[%emt 00:01:21]}
15. Ne5 {[%clk 01:18:50]} {[%emt 00:02:53]} Qg5 {[%clk 01:16:59]} {[%emt
00:02:42]} 16. f3 {[%clk 01:17:08]} {[%emt 00:02:13]} Nd6 {[%clk 01:08:38]}
{[%emt 00:08:51]} 17. Ng6+ {[%clk 01:11:21]} {[%emt 00:06:17]} Kd8 {[%clk
01:08:46]} {[%emt 00:00:21]} 18. Nxh8 {[%clk 01:10:17]} {[%emt 00:01:35]} Bh3
{[%clk 01:08:40]} {[%emt 00:00:34]} 19. Nc3 {[%clk 01:06:24]} {[%emt 00:04:25]}
Kd7 {[%clk 01:08:31]} {[%emt 00:00:34]} 20. f4 {[%clk 01:01:33]} {[%emt
00:05:26]} Qg4 {[%clk 01:07:10]} {[%emt 00:01:51]} 21. Rf3 {[%clk 00:59:16]}
{[%emt 00:02:46]} Re8 {[%clk 01:06:47]} {[%emt 00:00:53]} 22. Qf2 {[%clk
00:57:44]} {[%emt 00:02:01]} Ne4 {[%clk 01:03:35]} {[%emt 00:03:45]} 23. Nxe4
{[%clk 00:56:05]} {[%emt 00:02:10]} dxe4 {[%clk 01:03:52]} {[%emt 00:00:12]}
24. Rxh3 {[%clk 00:55:54]} {[%emt 00:00:42]} Rxh8 {[%clk 01:04:10]} {[%emt
00:00:12]} 25. Qg3 {[%emt 00:02:11]} Qxg3 {[%clk 01:04:19]} {[%emt 00:00:05]}
26. Rxg3 {[%clk 00:54:50]} {[%emt 00:00:09]} g6 {[%clk 01:04:42]} {[%emt
00:00:07]} 27. Re1 {[%clk 00:54:56]} {[%emt 00:00:24]} Rf8 {[%clk 01:05:02]}
{[%emt 00:00:10]} 28. Rxe4 {[%clk 00:55:04]} {[%emt 00:00:22]} 1-0

[Event "DVM U12w 2024"]
[Site "Bad Homburg GER"]
[Date "2024.12.27"]
[Round "2"]
[White "Sobczak, Zuzanna"]
[Black "Nehrukumar, Rithika"]
[Result "1-0"]
[Termination "normal"]
[Board "2.2"]
[WhiteElo "1598"]
[BlackElo "1147"]
[WhiteClock "01:30:49"]
[BlackClock "01:19:55"]
[WhiteTeam "SF München"]
[BlackTeam "SK Freiburg-Zähringen 1887"]
[PlyCount "95"]
[WhiteFideId "34670050"]
[BlackFideId "34660550"]
[EventCountry "GER"]
[EventRounds "7"]
[EventType "team-swiss"]
[EventDate "2024.12.26"]

1. e4 {[%clk 01:30:58]} {[%emt 00:00:02]} e5 {[%clk 01:30:56]} {[%emt
00:00:04]} 2. Nf3 {[%clk 01:31:23]} {[%emt 00:00:05]} Nc6 {[%clk 01:31:20]}
{[%emt 00:00:07]} 3. Bc4 {[%clk 01:31:46]} {[%emt 00:00:06]} Bc5 {[%emt
00:00:51]} 4. O-O {[%clk 01:32:07]} {[%emt 00:00:06]} Nf6 {[%clk 01:31:24]}
{[%emt 00:00:07]} 5. Nc3 {[%clk 01:31:59]} {[%emt 00:00:39]} O-O {[%clk
01:31:41]} {[%emt 00:00:13]} 6. d3 {[%clk 01:32:21]} {[%emt 00:00:08]} h6
{[%clk 01:32:05]} {[%emt 00:00:05]} 7. Be3 {[%clk 01:32:34]} {[%emt 00:00:18]}
Bb6 {[%clk 01:32:26]} {[%emt 00:00:10]} 8. d4 {[%clk 01:32:26]} {[%emt
00:00:37]} Nxe4 {[%clk 01:29:54]} {[%emt 00:03:01]} 9. Nxe4 {[%emt 00:00:47]}
d5 {[%clk 01:30:10]} {[%emt 00:00:12]} 10. Bxd5 {[%clk 01:30:21]} {[%emt
00:02:20]} Qxd5 {[%clk 01:30:19]} {[%emt 00:00:21]} 11. Nc3 {[%clk 01:30:44]}
{[%emt 00:00:08]} Qd8 {[%clk 01:30:08]} {[%emt 00:00:41]} 12. d5 {[%clk
01:30:00]} {[%emt 00:01:14]} Na5 {[%clk 01:27:14]} {[%emt 00:03:23]} 13. Bxb6
{[%clk 01:27:10]} {[%emt 00:03:21]} axb6 {[%clk 01:27:18]} {[%emt 00:00:27]}
14. Nxe5 {[%clk 01:27:26]} {[%emt 00:00:14]} Re8 {[%clk 01:26:49]} {[%emt
00:00:58]} 15. Re1 {[%clk 01:26:11]} {[%emt 00:01:46]} Qg5 {[%clk 01:21:42]}
{[%emt 00:05:36]} 16. Nf3 {[%clk 01:26:01]} {[%emt 00:00:40]} Bg4 {[%clk
01:21:59]} {[%emt 00:00:13]} 17. Nxg5 {[%emt 00:00:34]} Bxd1 {[%clk 01:22:18]}
{[%emt 00:00:09]} 18. Raxd1 {[%clk 01:26:10]} {[%emt 00:00:19]} hxg5 {[%clk
01:22:31]} {[%emt 00:00:17]} 19. b3 {[%clk 01:26:25]} {[%emt 00:00:15]} Rxe1+
{[%clk 01:17:32]} {[%emt 00:05:28]} 20. Rxe1 {[%clk 01:26:46]} {[%emt
00:00:09]} Kf8 {[%clk 01:17:41]} {[%emt 00:00:21]} 21. f3 {[%clk 01:27:06]}
{[%emt 00:00:10]} Rd8 {[%clk 01:18:04]} {[%emt 00:00:06]} 22. Kf2 {[%clk
01:25:04]} {[%emt 00:02:32]} c6 {[%clk 01:18:14]} {[%emt 00:00:21]} 23. Rd1
{[%clk 01:23:50]} {[%emt 00:01:44]} cxd5 {[%clk 01:17:43]} {[%emt 00:01:02]}
24. Rxd5 {[%clk 01:24:06]} {[%emt 00:00:14]} Rxd5 {[%clk 01:17:53]} {[%emt
00:00:20]} 25. Nxd5 {[%clk 01:24:27]} {[%emt 00:00:08]} b5 {[%clk 01:18:04]}
{[%emt 00:00:20]} 26. Nc7 {[%clk 01:24:46]} {[%emt 00:00:11]} b4 {[%clk
01:18:23]} {[%emt 00:00:11]} 27. Nd5 {[%clk 01:24:57]} {[%emt 00:00:18]} Nc6
{[%clk 01:18:45]} {[%emt 00:00:08]} 28. Ke3 {[%clk 01:25:06]} {[%emt 00:00:21]}
f6 {[%clk 01:18:30]} {[%emt 00:00:45]} 29. Kd3 {[%clk 01:24:52]} {[%emt
00:00:44]} Kf7 {[%clk 01:18:41]} {[%emt 00:00:20]} 30. Kc4 {[%clk 01:24:57]}
{[%emt 00:00:25]} Ke6 {[%clk 01:17:57]} {[%emt 00:01:13]} 31. Nxb4 {[%clk
01:25:17]} {[%emt 00:00:11]} Na5+ {[%clk 01:17:24]} {[%emt 00:01:03]} 32. Kb5
{[%clk 01:25:28]} {[%emt 00:00:18]} Nc6 {[%clk 01:17:31]} {[%emt 00:00:23]} 33.
Nxc6 {[%clk 01:25:45]} {[%emt 00:00:13]} bxc6+ {[%clk 01:17:38]} {[%emt
00:00:11]} 34. Kxc6 {[%clk 01:26:14]} f5 {[%clk 01:15:38]} {[%emt 00:02:42]}
35. a4 {[%clk 01:26:39]} {[%emt 00:00:05]} g4 {[%clk 01:16:01]} {[%emt
00:00:07]} 36. a5 {[%clk 01:26:58]} {[%emt 00:00:12]} gxf3 {[%clk 01:16:17]}
{[%emt 00:00:13]} 37. gxf3 {[%clk 01:27:18]} {[%emt 00:00:10]} g5 {[%clk
01:16:36]} {[%emt 00:00:10]} 38. a6 {[%clk 01:27:16]} {[%emt 00:00:33]} g4
{[%clk 01:16:37]} {[%emt 00:00:29]} 39. fxg4 {[%clk 01:27:34]} {[%emt
00:00:12]} f4 {[%clk 01:16:56]} {[%emt 00:00:11]} 40. a7 {[%clk 01:28:01]}
{[%emt 00:00:03]} f3 {[%clk 01:17:08]} {[%emt 00:00:18]} 41. a8=Q {[%clk
01:28:21]} {[%emt 00:00:09]} f2 {[%clk 01:17:32]} {[%emt 00:00:05]} 42. Qf8
{[%clk 01:28:46]} {[%emt 00:00:06]} Ke5 {[%clk 01:17:54]} {[%emt 00:00:10]} 43.
Qxf2 {[%clk 01:29:07]} {[%emt 00:00:08]} Ke4 {[%clk 01:18:12]} {[%emt
00:00:12]} 44. g5 {[%clk 01:29:31]} {[%emt 00:00:06]} Ke5 {[%clk 01:18:39]}
{[%emt 00:00:03]} 45. g6 {[%clk 01:29:56]} {[%emt 00:00:05]} Ke4 {[%clk
01:19:07]} {[%emt 00:00:01]} 46. g7 {[%clk 01:30:18]} {[%emt 00:00:09]} Ke5
{[%clk 01:19:32]} {[%emt 00:00:05]} 47. g8=Q {[%clk 01:30:38]} {[%emt
00:00:10]} Ke4 {[%clk 01:19:55]} {[%emt 00:00:07]} 48. Qe6# {[%clk 01:30:49]}
{[%emt 00:00:19]} 1-0

[Event "DVM U12w 2024"]
[Site "Bad Homburg GER"]
[Date "2024.12.27"]
[Round "2"]
[White "Bayer, Klara"]
[Black "Frydel, Helena"]
[Result "1-0"]
[Termination "normal"]
[Board "3.1"]
[WhiteElo "1618"]
[BlackElo "1514"]
[WhiteClock "01:03:26"]
[BlackClock "01:20:07"]
[WhiteTeam "TSG Oberschöneweide"]
[BlackTeam "SF Birkenfeld"]
[PlyCount "65"]
[WhiteFideId "34658955"]
[BlackFideId "16266536"]
[EventCountry "GER"]
[EventRounds "7"]
[EventType "team-swiss"]
[EventDate "2024.12.26"]

1. d4 {[%emt 00:06:37]} d5 2. c4 {[%clk 01:30:52]} c6 {[%clk 01:30:45]} 3. Nc3
{[%clk 01:31:16]} {[%emt 00:00:54]} Nf6 {[%clk 01:31:34]} 4. Nf3 {[%clk
01:31:41]} {[%emt 00:00:14]} dxc4 {[%clk 01:31:28]} 5. Bf4 {[%clk 01:30:55]}
{[%emt 00:01:51]} e6 {[%clk 01:31:48]} 6. e3 {[%clk 01:31:14]} {[%emt
00:00:21]} b5 {[%clk 01:31:47]} 7. Ne5 {[%clk 01:30:47]} {[%emt 00:01:28]} Bd6
{[%clk 01:31:00]} 8. Qf3 {[%clk 01:26:10]} {[%emt 00:06:22]} Bb7 {[%clk
01:29:22]} 9. Nxb5 {[%clk 01:21:33]} {[%emt 00:07:16]} Qa5+ {[%clk 01:24:46]}
{[%emt 00:05:07]} 10. Nc3 {[%clk 01:21:34]} {[%emt 00:00:29]} Bb4 {[%clk
01:23:35]} {[%emt 00:01:41]} 11. e4 {[%clk 01:13:10]} {[%emt 00:08:54]} Nxe4
{[%clk 01:21:00]} {[%emt 00:03:05]} 12. Nxc4 {[%clk 01:07:08]} {[%emt
00:06:32]} Bxc3+ {[%clk 01:19:58]} {[%emt 00:01:33]} 13. bxc3 {[%clk 01:07:29]}
{[%emt 00:00:09]} Qxc3+ {[%clk 01:20:20]} {[%emt 00:00:07]} 14. Qxc3 {[%clk
01:07:38]} {[%emt 00:00:21]} Nxc3 {[%clk 01:20:45]} {[%emt 00:00:05]} 15. Nd6+
{[%clk 01:07:56]} {[%emt 00:00:13]} Kd7 {[%clk 01:19:34]} {[%emt 00:01:40]} 16.
Nxb7 {[%clk 01:08:06]} {[%emt 00:00:19]} Na6 {[%clk 01:19:39]} {[%emt
00:00:26]} 17. Bxa6 {[%clk 01:08:29]} {[%emt 00:00:07]} Nd5 {[%clk 01:19:36]}
{[%emt 00:00:33]} 18. Nc5+ {[%clk 01:08:34]} {[%emt 00:00:24]} Ke7 {[%clk
01:19:53]} {[%emt 00:00:14]} 19. Be5 {[%clk 01:08:20]} {[%emt 00:00:44]} Nb4
{[%clk 01:19:06]} {[%emt 00:01:16]} 20. O-O {[%clk 01:06:19]} {[%emt 00:02:32]}
f6 {[%clk 01:17:45]} {[%emt 00:01:51]} 21. Bg3 {[%clk 01:06:00]} {[%emt
00:00:49]} Nc2 {[%clk 01:18:04]} {[%emt 00:00:10]} 22. Rad1 {[%clk 01:05:15]}
{[%emt 00:01:14]} Rad8 {[%clk 01:18:01]} {[%emt 00:00:33]} 23. Nb7 {[%clk
01:02:35]} {[%emt 00:03:11]} Rxd4 {[%clk 01:18:07]} {[%emt 00:00:24]} 24. Rxd4
{[%clk 01:02:58]} {[%emt 00:00:07]} Nxd4 {[%clk 01:18:31]} {[%emt 00:00:06]}
25. Bd6+ {[%emt 00:00:34]} Kd7 {[%clk 01:18:49]} 26. Bc5 {[%clk 01:03:13]}
{[%emt 00:00:23]} Ne2+ {[%clk 01:19:04]} {[%emt 00:00:16]} 27. Bxe2 {[%clk
01:03:36]} {[%emt 00:00:08]} Rb8 {[%clk 01:19:24]} {[%emt 00:00:09]} 28. Rd1+
{[%clk 01:03:31]} {[%emt 00:00:35]} Kc7 {[%clk 01:18:46]} {[%emt 00:01:07]} 29.
Bd6+ {[%emt 00:01:25]} Kxb7 {[%clk 01:19:03]} 30. Bxb8 {[%clk 01:03:11]} {[%emt
00:00:09]} Kxb8 {[%clk 01:19:24]} {[%emt 00:00:08]} 31. Rc1 {[%clk 01:03:10]}
{[%emt 00:00:32]} Kc7 {[%clk 01:19:48]} {[%emt 00:00:06]} 32. Bf3 {[%clk
01:03:10]} {[%emt 00:00:30]} Kd7 {[%clk 01:20:07]} {[%emt 00:00:11]} 33. Bxc6+
{[%clk 01:03:26]} {[%emt 00:00:14]} 1-0

[Event "DVM U12w 2024"]
[Site "Bad Homburg GER"]
[Date "2024.12.27"]
[Round "2"]
[White "Huang, Jasmin Shuya"]
[Black "Andreeva, Katharina"]
[Result "1-0"]
[Termination "normal"]
[Board "4.1"]
[WhiteElo "1523"]
[BlackElo "1164"]
[WhiteClock "00:56:58"]
[BlackClock "01:08:45"]
[WhiteTeam "SV Empor Erfurt"]
[BlackTeam "SC Weisse Dame"]
[PlyCount "125"]
[WhiteFideId "533015694"]
[BlackFideId "533000905"]
[EventCountry "GER"]
[EventRounds "7"]
[EventType "team-swiss"]
[EventDate "2024.12.26"]

1. e4 {[%clk 01:30:59]} c5 {[%emt 00:00:05]} 2. Nf3 {[%clk 01:31:24]} {[%emt
00:00:02]} d6 {[%clk 01:31:12]} {[%emt 00:00:16]} 3. d4 {[%clk 01:31:36]}
{[%emt 00:00:18]} cxd4 {[%clk 01:31:34]} {[%emt 00:00:07]} 4. Qxd4 {[%clk
01:32:04]} {[%emt 00:00:02]} Nc6 {[%clk 01:31:52]} {[%emt 00:00:13]} 5. Bb5
{[%clk 01:32:24]} {[%emt 00:00:09]} Bd7 {[%clk 01:31:53]} {[%emt 00:00:28]} 6.
Bxc6 {[%clk 01:32:49]} {[%emt 00:00:06]} Bxc6 {[%clk 01:32:07]} {[%emt
00:00:16]} 7. Nc3 {[%clk 01:33:12]} {[%emt 00:00:07]} Nf6 {[%clk 01:32:05]}
{[%emt 00:00:32]} 8. Bg5 {[%clk 01:33:26]} {[%emt 00:00:17]} a6 {[%clk
01:31:25]} {[%emt 00:01:08]} 9. O-O-O {[%clk 01:29:21]} {[%emt 00:04:36]} Rc8
{[%clk 01:27:33]} {[%emt 00:04:22]} 10. Rhe1 {[%clk 01:22:25]} {[%emt
00:07:26]} b5 {[%clk 01:24:32]} {[%emt 00:03:31]} 11. e5 {[%clk 01:14:35]}
{[%emt 00:08:21]} dxe5 {[%clk 01:20:53]} {[%emt 00:04:09]} 12. Qxd8+ {[%clk
01:11:53]} {[%emt 00:03:12]} Rxd8 {[%clk 01:21:03]} {[%emt 00:00:19]} 13. Rxd8+
{[%clk 01:12:21]} {[%emt 00:00:02]} Kxd8 {[%clk 01:21:09]} {[%emt 00:00:24]}
14. Nxe5 {[%clk 01:12:32]} {[%emt 00:00:19]} Be8 {[%clk 01:20:52]} {[%emt
00:00:45]} 15. Rd1+ {[%clk 01:10:17]} {[%emt 00:02:47]} Kc8 {[%clk 01:18:25]}
{[%emt 00:02:57]} 16. Be3 {[%clk 01:09:25]} {[%emt 00:01:21]} e6 {[%clk
01:17:33]} {[%emt 00:01:22]} 17. f3 {[%clk 01:04:25]} {[%emt 00:05:31]} b4
{[%clk 01:14:25]} {[%emt 00:03:37]} 18. Ne2 {[%clk 01:04:20]} {[%emt 00:00:34]}
g6 {[%clk 01:12:55]} {[%emt 00:01:59]} 19. Nd3 {[%clk 01:00:08]} {[%emt
00:04:44]} Bg7 {[%clk 01:12:26]} {[%emt 00:00:59]} 20. Nxb4 {[%clk 00:58:26]}
{[%emt 00:02:12]} a5 {[%clk 01:10:52]} {[%emt 00:02:04]} 21. Nd3 {[%clk
00:58:36]} {[%emt 00:00:20]} Bb5 {[%clk 01:10:40]} {[%emt 00:00:43]} 22. Nc3
{[%clk 00:56:57]} {[%emt 00:02:08]} Bd7 {[%clk 01:08:17]} {[%emt 00:02:52]} 23.
Bb6 {[%clk 00:55:40]} {[%emt 00:01:49]} a4 {[%clk 01:07:22]} {[%emt 00:01:25]}
24. Nc5 {[%clk 00:55:23]} {[%emt 00:00:44]} Bc6 {[%clk 01:03:32]} {[%emt
00:04:22]} 25. N5xa4 {[%clk 00:54:44]} {[%emt 00:01:11]} Nd5 {[%clk 01:03:09]}
{[%emt 00:00:51]} 26. Bd4 {[%clk 00:51:17]} {[%emt 00:03:50]} Bh6+ {[%clk
01:02:32]} {[%emt 00:01:13]} 27. Kb1 {[%clk 00:51:12]} {[%emt 00:00:37]} Rd8
{[%clk 01:02:16]} {[%emt 00:00:45]} 28. Nxd5 {[%clk 00:49:40]} {[%emt
00:02:03]} Rxd5 {[%clk 01:01:49]} {[%emt 00:00:35]} 29. Nb6+ {[%clk 00:50:00]}
{[%emt 00:00:31]} Kd8 {[%clk 01:02:01]} {[%emt 00:00:19]} 30. Nxd5 {[%clk
00:50:11]} {[%emt 00:00:19]} Bxd5 {[%clk 01:02:15]} {[%emt 00:00:15]} 31. Bb6+
{[%clk 00:50:07]} {[%emt 00:00:34]} Kd7 {[%clk 01:02:28]} {[%emt 00:00:16]} 32.
c4 {[%clk 00:49:56]} {[%emt 00:00:42]} Kc6 {[%clk 01:02:27]} {[%emt 00:00:30]}
33. cxd5+ {[%clk 00:50:22]} {[%emt 00:00:06]} Kxb6 {[%clk 01:02:39]} {[%emt
00:00:16]} 34. dxe6 {[%clk 00:50:40]} {[%emt 00:00:13]} fxe6 {[%clk 01:02:38]}
{[%emt 00:00:31]} 35. Rd6+ {[%clk 00:50:53]} {[%emt 00:00:17]} Kc7 {[%clk
01:02:55]} {[%emt 00:00:14]} 36. Rxe6 {[%clk 00:51:12]} {[%emt 00:00:10]} Kd7
{[%clk 01:02:12]} {[%emt 00:01:13]} 37. Re1 {[%clk 00:51:31]} {[%emt 00:00:11]}
Kd6 {[%clk 01:02:29]} {[%emt 00:00:14]} 38. Kc2 {[%clk 00:51:50]} {[%emt
00:00:10]} Kc5 {[%emt 00:01:00]} 39. Re7 {[%clk 00:51:34]} Bf4 {[%clk
01:02:58]} {[%emt 00:00:16]} 40. Rxh7 {[%clk 00:51:57]} {[%emt 00:00:08]} g5
{[%clk 01:02:54]} {[%emt 00:00:34]} 41. h4 {[%clk 00:52:01]} {[%emt 00:00:27]}
gxh4 {[%clk 01:03:13]} {[%emt 00:00:10]} 42. Rxh4 {[%emt 00:00:28]} Bg3 {[%clk
01:03:18]} 43. Rh5+ {[%clk 00:52:49]} {[%emt 00:00:08]} Kd4 {[%clk 01:03:32]}
{[%emt 00:00:14]} 44. Rg5 {[%clk 00:52:55]} {[%emt 00:00:25]} Bd6 {[%clk
01:03:50]} {[%emt 00:00:12]} 45. Rh5 {[%clk 00:52:16]} {[%emt 00:01:08]} Ke3
{[%clk 01:04:00]} {[%emt 00:00:20]} 46. g4 {[%clk 00:52:23]} {[%emt 00:00:25]}
Kxf3 {[%clk 01:04:21]} {[%emt 00:00:08]} 47. g5 {[%clk 00:51:55]} {[%emt
00:00:59]} Bf8 {[%clk 01:04:37]} {[%emt 00:00:11]} 48. g6 {[%clk 00:52:19]}
{[%emt 00:00:08]} Bg7 {[%clk 01:04:52]} {[%emt 00:00:15]} 49. Rh7 {[%clk
00:52:41]} {[%emt 00:00:09]} Bf6 {[%clk 01:05:10]} {[%emt 00:00:10]} 50. g7
{[%clk 00:53:05]} {[%emt 00:00:07]} Bxg7 {[%clk 01:05:29]} {[%emt 00:00:11]}
51. Rxg7 {[%clk 00:53:30]} {[%emt 00:00:06]} Kf4 {[%clk 01:05:46]} {[%emt
00:00:13]} 52. Re7 {[%clk 00:53:49]} {[%emt 00:00:10]} Kf5 {[%clk 01:06:06]}
{[%emt 00:00:11]} 53. Kd3 {[%clk 00:54:10]} {[%emt 00:00:09]} Kf6 {[%clk
01:06:26]} {[%emt 00:00:09]} 54. Re1 {[%clk 00:54:33]} {[%emt 00:00:07]} Kf5
{[%clk 01:06:47]} {[%emt 00:00:09]} 55. Kd4 {[%clk 00:55:00]} {[%emt 00:00:04]}
Kf6 {[%clk 01:07:04]} {[%emt 00:00:13]} 56. b4 {[%clk 00:55:10]} {[%emt
00:00:19]} Kf5 {[%clk 01:07:22]} {[%emt 00:00:12]} 57. b5 {[%clk 00:55:33]}
{[%emt 00:00:07]} Kf4 {[%clk 01:07:42]} {[%emt 00:00:10]} 58. Rf1 {[%clk
00:55:54]} {[%emt 00:00:09]} Kg5 {[%clk 01:07:55]} {[%emt 00:00:18]} 59. b6
{[%clk 00:56:07]} {[%emt 00:00:16]} Kg6 {[%clk 01:07:59]} {[%emt 00:00:26]} 60.
b7 {[%clk 00:56:27]} {[%emt 00:00:10]} Kg5 {[%clk 01:08:20]} {[%emt 00:00:09]}
61. b8=Q {[%clk 00:56:39]} {[%emt 00:00:18]} Kg4 {[%clk 01:08:36]} {[%emt
00:00:12]} 62. Qg8 {[%clk 00:57:02]} {[%emt 00:00:07]} Kh3 {[%clk 01:08:45]}
{[%emt 00:00:22]} 63. Rh1+ {[%clk 00:56:58]} {[%emt 00:00:04]} 1-0

[Event "DVM U12w 2024"]
[Site "Bad Homburg GER"]
[Date "2024.12.27"]
[Round "2"]
[White "Feldhaus, Lena"]
[Black "Xu, Dorothea Sicheng"]
[Result "0-1"]
[Termination "normal"]
[Board "5.1"]
[WhiteElo "1539"]
[BlackElo "1585"]
[WhiteClock "00:39:12"]
[BlackClock "00:26:51"]
[WhiteTeam "SG Porz 2"]
[BlackTeam "SK Bad Homburg 1927"]
[PlyCount "70"]
[WhiteFideId "34642684"]
[BlackFideId "34667539"]
[EventCountry "GER"]
[EventRounds "7"]
[EventType "team-swiss"]
[EventDate "2024.12.26"]

1. d4 {[%clk 01:30:57]} {[%emt 00:00:03]} d5 {[%clk 01:30:48]} {[%emt
00:00:13]} 2. Nc3 {[%clk 01:31:17]} {[%emt 00:00:10]} Nf6 {[%clk 01:30:52]}
{[%emt 00:00:26]} 3. Bf4 {[%clk 01:31:30]} {[%emt 00:00:18]} c6 {[%clk
01:30:34]} {[%emt 00:00:48]} 4. Qd2 {[%clk 01:29:40]} {[%emt 00:02:20]} Bf5
{[%clk 01:28:26]} {[%emt 00:02:38]} 5. O-O-O {[%clk 01:26:02]} {[%emt
00:04:07]} e6 {[%clk 01:27:33]} {[%emt 00:01:21]} 6. f3 {[%clk 01:24:26]}
{[%emt 00:02:08]} Bd6 {[%clk 01:24:23]} {[%emt 00:03:40]} 7. g4 {[%clk
01:22:52]} {[%emt 00:02:05]} Bg6 {[%clk 01:22:07]} {[%emt 00:02:46]} 8. h4
{[%clk 01:22:05]} {[%emt 00:01:16]} h6 {[%clk 01:20:26]} {[%emt 00:02:11]} 9.
e3 {[%clk 01:14:14]} {[%emt 00:08:21]} c5 {[%clk 01:08:53]} {[%emt 00:12:03]}
10. Nb5 {[%clk 01:11:06]} {[%emt 00:03:38]} Bxf4 {[%clk 01:07:22]} {[%emt
00:02:01]} 11. exf4 {[%clk 01:10:56]} {[%emt 00:00:39]} Qe7 {[%clk 00:57:16]}
{[%emt 00:10:36]} 12. g5 {[%clk 01:09:15]} {[%emt 00:02:11]} hxg5 {[%clk
00:56:29]} {[%emt 00:01:16]} 13. fxg5 {[%clk 01:08:59]} {[%emt 00:00:46]} Nh5
{[%clk 00:55:04]} {[%emt 00:01:54]} 14. Bd3 {[%clk 00:59:58]} {[%emt 00:09:31]}
Bxd3 {[%clk 00:53:00]} {[%emt 00:02:35]} 15. Qxd3 {[%clk 01:00:00]} {[%emt
00:00:26]} Ng3 {[%clk 00:53:02]} {[%emt 00:00:30]} 16. Rh2 {[%clk 00:59:18]}
{[%emt 00:01:12]} Nf5 {[%clk 00:50:04]} {[%emt 00:03:28]} 17. Ne2 {[%clk
00:57:19]} {[%emt 00:02:30]} Rxh4 {[%clk 00:47:38]} {[%emt 00:02:55]} 18. Rxh4
{[%clk 00:57:16]} {[%emt 00:00:33]} Nxh4 {[%clk 00:47:33]} {[%emt 00:00:35]}
19. Rh1 {[%clk 00:56:38]} {[%emt 00:01:09]} Ng6 {[%clk 00:45:45]} {[%emt
00:02:18]} 20. Rh7 {[%clk 00:55:43]} {[%emt 00:01:24]} Qxg5+ {[%clk 00:43:56]}
{[%emt 00:02:19]} 21. Qd2 {[%clk 00:54:51]} {[%emt 00:01:22]} Qe7 {[%clk
00:41:16]} {[%emt 00:03:09]} 22. Rxg7 {[%clk 00:54:54]} {[%emt 00:00:28]} a6
{[%clk 00:38:44]} {[%emt 00:03:03]} 23. Rg8+ {[%clk 00:53:23]} {[%emt
00:02:01]} Nf8 {[%clk 00:37:02]} {[%emt 00:02:13]} 24. Nbc3 {[%clk 00:52:27]}
{[%emt 00:01:25]} Nc6 {[%clk 00:34:59]} {[%emt 00:02:32]} 25. Qe3 {[%clk
00:50:31]} {[%emt 00:02:24]} Rd8 {[%clk 00:33:21]} {[%emt 00:02:10]} 26. dxc5
{[%clk 00:46:11]} {[%emt 00:04:50]} d4 {[%clk 00:32:16]} {[%emt 00:01:36]} 27.
Nxd4 {[%clk 00:45:43]} {[%emt 00:00:58]} Nxd4 {[%clk 00:31:29]} {[%emt
00:01:17]} 28. Qe4 {[%clk 00:44:53]} {[%emt 00:01:21]} Qxc5 {[%clk 00:29:06]}
{[%emt 00:02:52]} 29. Qxb7 {[%clk 00:44:41]} {[%emt 00:00:42]} Qc6 {[%clk
00:28:48]} {[%emt 00:00:48]} 30. Qb4 {[%clk 00:44:08]} {[%emt 00:01:03]} Qd6
{[%clk 00:28:31]} {[%emt 00:00:47]} 31. Qa4+ {[%clk 00:42:42]} {[%emt
00:01:56]} Nb5 {[%clk 00:27:01]} {[%emt 00:01:55]} 32. Rg1 {[%clk 00:41:46]}
{[%emt 00:01:31]} Qd4 {[%clk 00:26:13]} {[%emt 00:01:12]} 33. Rg4 {[%clk
00:39:33]} {[%emt 00:02:49]} Qd2+ {[%clk 00:26:24]} {[%emt 00:00:19]} 34. Kb1
{[%clk 00:38:59]} {[%emt 00:01:05]} Qe1+ {[%clk 00:26:28]} {[%emt 00:00:25]}
35. Nd1 {[%clk 00:39:12]} {[%emt 00:00:18]} Rxd1# {[%clk 00:26:51]} {[%emt
00:00:06]} 0-1